Sześć najbliższych krajów – Stany Zjednoczone - Statystyki

Ogólne statystyki
  • Ten quiz został rozwiązany 80 razy
  • Średni wynik to 4 z 6
Statystyki odpowiedzi
km kraj % Poprawnych
0 Meksyk
100%
0 Kanada
98%
153 Kuba
81%
4 Rosja
47%
83 Bahamy
42%
758 Jamajka
33%
Nie znaleziono quizów pasujących do podanych kryteriów
Rozkład punktacji
Procent ludzi z każdym wynikiem
Percentyl według liczby udzielonych odpowiedzi
Twoja historia wyników
Nie rozwiązałeś tego quizu